000 00809nam0a2200277 4500
001 RU\NLR\BIBL_A\012804267
005 20250624163822.0
010 _98000
035 _a(NLR Aleph) 012804267
090 _a13309621
_c13309621
100 _a20220530d1955 |||y0rusy50 ca
101 0 _aaze
102 _aAZ
105 _aa z 000 y
181 0 _ai
_baxxe
182 0 _an
200 1 _aJени Чехословакиjа
_fВ. Медов
203 _aТекст
_bвизуальный
_cнепосредственный
210 _aБакы
_cУшагҝәнҹнәшр
_d1955
215 _a203, [1] с.
_cшәк.
_d20
541 1 _aНовая Чехословакия
_zrus
700 1 _aМедов
_bВ. С.
_4070
852 _aNLR
_bОНЛ
_jАзерб./2-8367
942 _cBOOK
980 _aNB